000
00220nam a22000977a 4500
020
_a
9780140309577
100
_a
Astrid Lindgren
245
_a
Pippi Longstocking
260
_a
New York
_b
Penguin Group
_c
1997
942
_c
BK
999
_c
265425
_d
265424